Česko-ruský, rusko-český slovník managementu = Češsko-russkij, russko-češskij slovar' menedžmenta /

Hlavní autor: Vavrečka, Mojmír, 1934-2020
Další autoři: Lednický, Václav, 1941-
Jazyk: Ruština
Čeština
Vydáno: Brno : Computer Press, 2006
Vydání: Vyd. 1.
Edice: Jazyky (Computer Press). Slovníky
Témata:
Externí odkaz: Digitalizovaný dokument
Fyzický popis: 380 s. ; 22 cm
Knihy
Uloženo v:
LEADER 02615nam a2200649 a 4500
001 nkc20061640745
003 CZ PrNK
005 20111228103557.0
007 ta
008 060202s2006 xr e d 001 0 cze
015 |a cnb001640745 
020 |a 80-251-1076-1  |q (v knize neuvedeno ;  |q brož.)  |z 80-251-0521-0 :  |c Kč 390,00 
035 |a (OCoLC)74142685 
040 |a OLA001  |b cze  |d ABA001 
041 0 |a cze  |a rus 
072 7 |a 005  |x Management. Řízení  |2 Konspekt  |9 4 
072 7 |a 81  |x Lingvistika. Jazyky  |2 Konspekt  |9 11 
080 |a 005  |2 MRF 
080 |a 811.162.3  |2 MRF 
080 |a 811.161.1  |2 MRF 
080 |a 81'373.46  |2 MRF 
080 |a 81'374.8-022.215  |2 MRF 
080 |a (038)81  |2 MRF 
080 |a (038.072)  |2 MRF 
100 1 |a Vavrečka, Mojmír,  |d 1934-2020  |7 jk01141775  |4 aut 
245 1 0 |a Česko-ruský, rusko-český slovník managementu =  |b Češsko-russkij, russko-češskij slovar' menedžmenta /  |c Mojmír Vavrečka, Václav Lednický 
246 3 |a Slovník managementu česko-ruský, rusko-český 
246 3 |a Slovar' menedžmenta češsko-russkij, russko-češskij 
246 3 1 |a Češsko-russkij, russko-češskij slovar' menedžmenta 
250 |a Vyd. 1. 
260 |a Brno :  |b Computer Press,  |c 2006 
300 |a 380 s. ;  |c 22 cm 
490 1 |a Jazyky. Slovníky 
504 |a Obsahuje bibliografii a rejstřík 
650 0 7 |a management  |7 ph115217  |2 czenas 
650 0 7 |a čeština  |7 ph135292  |2 czenas 
650 0 7 |a ruština  |7 ph125351  |2 czenas 
650 0 7 |a oborová terminologie  |7 ph138998  |2 czenas 
650 0 9 |a management  |2 eczenas 
650 0 9 |a Czech language  |2 eczenas 
650 0 9 |a Russian language  |2 eczenas 
650 0 9 |a terminology (professional)  |2 eczenas 
655 7 |a terminologické slovníky  |7 fd202538  |2 czenas 
655 7 |a výkladové slovníky  |7 fd133855  |2 czenas 
655 7 |a dvojjazyčné překladové slovníky  |7 fd208746  |2 czenas 
655 9 |a terminological dictionaries  |2 eczenas 
655 9 |a explanatory dictionaries  |2 eczenas 
655 9 |a bilingual translation dictionaries  |2 eczenas 
700 1 |a Lednický, Václav,  |d 1941-  |7 mzk2003175303  |4 aut 
830 0 |a Jazyky (Computer Press).  |p Slovníky  |0 s 
856 4 1 |u http://www.digitalniknihovna.cz/mzk/uuid/uuid:6adb1910-01dc-11ed-b3e4-5ef3fc9bb22f  |y Digitalizovaný dokument  |x NDK 
910 2 |a BOA001  |b 2-1163.883 
990 |a BK 
995 |a 01 
991 |b 200603  |c NOV 
996 6 |b 2610271760  |c 2-1163.883  |l MZK  |r HSS 4p  |n 0  |p p.v.  |h 005 VAV  |w 000807749  |u 000010  |a 0  |e BOA001  |j MZK50  |s P 
996 7 |b 2610271761  |c 2-1163.883  |l MZK  |r Sklad / do 1 hodiny  |n 5  |p p.v.  |w 000807749  |u 000020  |a 1  |e BOA001  |j MZK50  |s A